Catálogo

Auditoria en informática : (Registro nro. 59477)

Detalles MARC
000 -LEADER
fixed length control field 00719nam a2200217 a 4500
001 - CONTROL NUMBER
control field 59477
005 - DATE AND TIME OF LATEST TRANSACTION
control field 20180714060438.0
008 - FIXED-LENGTH DATA ELEMENTS--GENERAL INFORMATION
fixed length control field 140415s2000 mx r 000 0 spa d
020 ## - INTERNATIONAL STANDARD BOOK NUMBER
International Standard Book Number 9702400422
041 0# - LANGUAGE CODE
Language code of text/sound track or separate title spa
082 0# - DEWEY DECIMAL CLASSIFICATION NUMBER
Classification number 657.453
Item number HER
100 1# - MAIN ENTRY--PERSONAL NAME
Personal name Hernández Hernández, Enrique,
Relator term autor
245 10 - TITLE STATEMENT
Title Auditoria en informática :
Remainder of title un enfoque metodológico y práctico /
Statement of responsibility, etc. Enrique Hernández Hernández.
250 ## - EDITION STATEMENT
Edition statement Segunda edición
264 #1 - PRODUCTION, PUBLICATION, DISTRIBUTION, MANUFACTURE, AND COPYRIGHT NOTICE
Place of production, publication, distribution, manufacture México :
Name of producer, publisher, distributor, manufacturer Grupo Patria Cultural,
Date of production, publication, distribution, manufacture, or copyright notice 2000
300 ## - PHYSICAL DESCRIPTION
Extent x, 323 páginas ;
Dimensions 25 cm.
336 ## - CONTENT TYPE
Content type term texto
Source rdacontent
337 ## - MEDIA TYPE
Media type term sin mediación
Source rdamedia
338 ## - CARRIER TYPE
Carrier type term volumen
Source rdacarrier
650 #4 - SUBJECT ADDED ENTRY--TOPICAL TERM
Topical term or geographic name entry element Auditoria de sistemas
General subdivision Informática
Existencias
Withdrawn status Lost status Source of classification or shelving scheme Damaged status Not for loan Collection code Home library Current library Shelving location Date acquired Source of acquisition Inventory number Total Checkouts Full call number Barcode Date last seen Price effective from Koha item type
    Dewey Decimal Classification     General Biblioteca Karol Wojtyla Biblioteca Karol Wojtyla Sala general 03/12/2013 Compra 151000000000000000021215   657.453 HER 2000 89832 05/01/2026 07/02/2017 Libro